000 00784nam a2200241Ia 4500
003 GCL
008 140319s9999 xx 000 0 ara d
040 _aGCL /
_cGCL
082 0 4 _aق
_b327.62073
_bا ع
100 1 _aالسيد امين شلبى
245 1 0 _aالعلاقات المصرية الامريكية 1946 - 1956 /
_cالسيد امين شلبى
700 1 _aارونسون، جيفرى
300 _a277 ص
490 _a
650 0 4 _aالعصر الحديث
650 0 4 _aمصر
650 0 4 _aتاريخ
650 0 4 _aالولايات المتحدة الامريكية
650 0 4 _aالسياسة الدولية
650 0 4 _aالعلاقات الخارجية
650 0 4 _aمصر - تاريخ - العصر الحديث (1805 - 1956 )
942 _2ddc
_cBK
999 _c39332
_d39332